| 000 | 00635nam a22001937a 4500 | ||
|---|---|---|---|
| 999 |
_c1254 _d1254 |
||
| 003 | AR-CdUCM | ||
| 008 | 190226b ||||| |||| 00| 0 spa d | ||
| 040 |
_aMUNICIPALIDAD PROVINCIAL DEL CUSCO _cBIBLIOTECA MUNICIPAL DEL CUSCO |
||
| 082 |
_a869.44 / _bM97 |
||
| 100 |
_aMurillo Benich, Hugo _94877 |
||
| 245 | _aParaiso / | ||
| 260 |
_aLa Paz-Bolivia : _bTalleres gráficos Hisbol, _c1990. |
||
| 300 |
_a127 páginas ; _c19 cm. |
||
| 500 | _aPrimer premio en cuento del concurso anual de literatura "Franz Tamayo" de 1988. | ||
| 650 |
_aLiteratura boliviana _94271 |
||
| 650 |
_aCuentos _9217 |
||
| 942 |
_2ddc _cLIBROS |
||
| 945 | _azta | ||